000 00632nam a2200205 a 4500
001 000041904
005 20240412074301.0
008 131021s1998 dr r 000 j spa d
040 _aDO-SdBNP
_bspa
_cBNPHU
082 _aRD863.44
_bG633m, 1998
100 1 _aGómez, Miguel Ángel
_923560
245 1 4 _aLas manos de la muerte son de seda. /
_cMiguel Ángel Gómez.
250 _a2a. ed.
260 _aSanto Domingo :
_bCocolo,
_c1998.
300 _a106 p. ;
_c21 cm.
590 _aInventariado, 2020/BT
650 0 _aCuentos dominicanos
_9176
650 0 _aLiteratura dominicana.
_967
910 _aValidado. Control de calidad MFF
999 _c41393
_d41393